000 00574nam a2200157Ia 4500
008 151213s9999 xx 000 0 und d
100 _aকবীর চেীধুর্ ী।
245 _aস্ত্যাদাল থেকে প্র“স্ত।
_cকবীর চেীধুর্ ী।
250 _a১ম সং
260 _aঢাকা
_bবাংলা একাডেমী।
_c1985
300 _a4502 p.
650 _aBangla
650 _aজীবনী গ্রন্থ
700 _aকবীর চেীধুর্ ী।
999 _c2877
_d2877